[Event "Budapest SixDays 09 IM-A"]
[Site "Budapest"]
[Date "2023.09.22"]
[Round "7"]
[White "Advaitt, Srikant Koduri"]
[Black "Horvath, David G"]
[Result "1/2-1/2"]
[WhiteElo "2088"]
[BlackElo "2334"]
[PlyCount "28"]
[EventDate "2023.09.18"]
[EventType "tourn"]
[EventRounds "9"]
[EventCountry "HUN"]
[SourceTitle "EXT 2024"]
[Source "ChessBase"]
[SourceDate "2023.10.10"]
[SourceVersion "1"]
[SourceVersionDate "2023.10.10"]
[SourceQuality "1"]

1. d4 Nf6 2. Nf3 c5 3. c3 Qc7 4. Bg5 e6 5. e3 d5 6. Bf4 Bd6 7. Bxd6 Qxd6 8. Ne5 Nc6 9. f4 cxd4 10. exd4 0-0 11. Nd2 Ne4 12. Bd3 f5 13. Ndf3 Bd7 14. 0-0 Ne7 1/2-1/2

[Event "Budapest SixDays 09 IM-A"]
[Site "Budapest"]
[Date "2023.09.20"]
[Round "4"]
[White "Pribelszky, Bence"]
[Black "Advaitt, Srikant Koduri"]
[Result "1-0"]
[WhiteElo "2417"]
[BlackElo "2088"]
[PlyCount "135"]
[EventDate "2023.09.18"]
[EventType "tourn"]
[EventRounds "9"]
[EventCountry "HUN"]
[SourceTitle "EXT 2024"]
[Source "ChessBase"]
[SourceDate "2023.10.10"]
[SourceVersion "1"]
[SourceVersionDate "2023.10.10"]
[SourceQuality "1"]

1. c4 c5 2. Nf3 Nf6 3. Nc3 Nc6 4. g3 g6 5. d4 cxd4 6. Nxd4 d6 7. Bg2 Bd7 8. Nc2 Bg7 9. 0-0 0-0 10. b3 Qc8 11. Bf4 Bh3 12. Qd2 Bxg2 13. Kxg2 Qf5 14. f3 Rad8 15. e4 Qa5 16. Qe1 e6 17. Nb5 Qxe1 18. Raxe1 a6 19. Nxd6 e5 20. Nxb7 Rb8 21. Na5 Nxa5 22. Bxe5 Rbd8 23. Nb4 Rd2+ 24. Kg1 Nh5 25. Bxg7 Nxg7 26. Rd1 Rfd8 27. Rxd2 Rxd2 28. Rf2 Rd1+ 29. Kg2 Ne6 30. Nxa6 Kf8 31. Nb4 Ke7 32. f4 Nc5 33. Nd5+ Ke6 34. f5+ Ke5 35. fxg6 fxg6 36. Ne3 Re1 37. Ng4+ Kxe4 38. Rf4+ Kd3 39. b4 Ne6 40. Rf3+ Kxc4 41. bxa5 Kb5 42. h4 Kxa5 43. Re3 Rxe3 44. Nxe3 h5 45. Kf3 g5 46. Ke4 gxh4 47. gxh4 Kb4 48. Nd5+ Ka3 49. Nf4 Nf8 50. Kf5 Kxa2 51. Nxh5 Kb3 52. Nf4 Kc3 53. h5 Kd2 54. h6 Ke3 55. Ne6 Nh7 56. Kg6 Ke4 57. Kxh7 Kf5 58. Kg7 Kxe6 59. h7 Kf5 60. h8Q Kg4 61. Kg6 Kg3 62. Qd4 Kg2 63. Qe3 Kh1 64. Qe2 Kg1 65. Kf5 Kh1 66. Kg4 Kg1 67. Kg3 Kh1 68. Qf1# 1-0

[Event "Budapest SixDays 09 IM-A"]
[Site "Budapest"]
[Date "2023.09.18"]
[Round "1"]
[White "Advaitt, Srikant Koduri"]
[Black "Pulpan, Jakub"]
[Result "1-0"]
[WhiteElo "2088"]
[BlackElo "2399"]
[PlyCount "73"]
[EventDate "2023.09.18"]
[EventType "tourn"]
[EventRounds "9"]
[EventCountry "HUN"]
[SourceTitle "EXT 2024"]
[Source "ChessBase"]
[SourceDate "2023.10.10"]
[SourceVersion "1"]
[SourceVersionDate "2023.10.10"]
[SourceQuality "1"]

1. d4 g6 2. Nf3 Bg7 3. Bf4 d6 4. e3 Nd7 5. h3 e5 6. Bh2 Nh6 7. c3 0-0 8. Be2 Qe7 9. 0-0 e4 10. Nfd2 f5 11. c4 Nf6 12. Nc3 Be6 13. b4 g5 14. c5 g4 15. cxd6 cxd6 16. Nb5 Rad8 17. Rc1 gxh3 18. Rc7 Qe8 19. Bxd6 hxg2 20. Re1 Rxd6 21. Nxd6 Qd8 22. Rxg7+ Kxg7 23. Nxb7 Qb8 24. Nc5 Bd5 25. Nc4 f4 26. Ne5 f3 27. Bxf3 exf3 28. e4 Nxe4 29. Nxe4 Qe8 30. Ng3 Kh8 31. Qd2 Qe6 32. Qg5 Qf6 33. Nf7+ Qxf7 34. Qxh6 Qf6 35. Qe3 Bxa2 36. Nh5 Qh4 37. Qe5+ 1-0

[Event "Veliko Gradiste Silver Lake op-A"]
[Site "Veliko Gradiste"]
[Date "2023.06.20"]
[Round "4"]
[White "Advaitt, Srikant Koduri"]
[Black "Ninkovic, Vladan"]
[Result "1-0"]
[WhiteElo "1858"]
[BlackElo "2099"]
[PlyCount "90"]
[EventDate "2023.06.18"]
[EventType "swiss"]
[EventRounds "9"]
[EventCountry "SRB"]
[SourceTitle "CBM 215 Extra"]
[Source "ChessBase"]
[SourceDate "2023.09.30"]
[SourceVersion "1"]
[SourceVersionDate "2023.09.30"]
[SourceQuality "1"]

1. d4 Nf6 2. Nf3 e6 3. Bf4 d5 4. e3 Bd6 5. Bg3 Nbd7 6. Nbd2 Qe7 7. Ne5 0-0 8. Bd3 g6 9. f4 Nh5 10. Bf2 Bxe5 11. fxe5 f5 12. c3 c5 13. g4 Ng7 14. h4 h5 15. gxh5 Nxh5 16. Qf3 Kg7 17. Rg1 Rh8 18. Ke2 Nf8 19. Rg5 Rh6 20. Rag1 Kh7 21. Ke1 Bd7 22. Be2 cxd4 23. exd4 Qf7 24. Be3 Be8 25. Qg2 Kh8 26. Bxh5 Rxh5 27. Rxh5+ gxh5 28. Qg5 Qg6 29. Qf4 Qh7 30. Nf3 Rc8 31. Ng5 Qg6 32. Nf7+ Bxf7 33. Rxg6 Bxg6 34. Qg5 Rc7 35. Qd8 Rf7 36. Bh6 Kg8 37. Qg5 Kh7 38. Bxf8 Rxf8 39. Qe7+ Rf7 40. Qxe6 f4 41. Qxd5 f3 42. Kf2 Rf4 43. Qxb7+ Kh6 44. Qe7 Rg4 45. Kxf3 Be4+ 1-0

[Event "IND-ch U13 35th"]
[Site "Puducherry"]
[Date "2022.12.15"]
[Round "8"]
[White "Goutham Krishna, H."]
[Black "Advaitt, Srikant Koduri"]
[Result "1-0"]
[WhiteElo "1896"]
[BlackElo "1652"]
[PlyCount "77"]
[EventDate "2022.12.11"]
[EventType "swiss"]
[EventRounds "11"]
[EventCountry "IND"]
[SourceTitle "EXT 2024"]
[Source "ChessBase"]
[SourceDate "2023.10.10"]
[SourceVersion "1"]
[SourceVersionDate "2023.10.10"]
[SourceQuality "1"]

1. Nf3 d5 2. d4 Nf6 3. c4 c6 4. Nc3 e6 5. Bg5 Be7 6. e3 h6 7. Bh4 0-0 8. Qc2 Nbd7 9. cxd5 cxd5 10. Bd3 b6 11. 0-0 Bb7 12. Rac1 a6 13. a4 Rc8 14. Qe2 Nb8 15. Bg3 Bd6 16. Ne5 Ne4 17. Bxe4 dxe4 18. Nc4 Bxg3 19. hxg3 f5 20. Rfd1 g6 21. g4 Kh7 22. gxf5 gxf5 23. g3 Rg8 24. b3 Rg5 25. Kg2 Kg7 26. d5 exd5 27. Nxd5 Bxd5 28. Qb2+ Kh7 29. Rxd5 Qxd5 30. Nxb6 Qe6 31. Rxc8 Qxb6 32. Qh8+ Kg6 33. Rxb8 Qd6 34. Qe8+ Kf6 35. Rd8 Qb4 36. Qc6+ Kg7 37. Rd7+ Kg8 38. Qe6+ Kf8 39. Qf7# 1-0